000 00608nam a22001817a 4500
999 _c188482
_d188482
005 20220525110534.0
010 _aENG-132801
020 _a978-93-530-6612-3
_c502.00
035 _aEN-116333
037 _bDBAD/PUB
082 _a005.133
100 _aGoel Anita
245 _aComputer Fundamentals and Programming in C/
_cAnita Goel and Ajay Mittal
260 _aNoida
_bPearson India Education Services PVt. Ltd.
_c2019
270 _bNoida
_a15th Floor, Tower-B, World Trade Tower, Plot No.1, Block-C,Sec.16
_e201301
300 _axx, v.p
_c23cm(pbk)
942 _2ddc
_cEN
_h005.133
_mGOE